[Event "Weihnachtsopen 2013 A"]
[Site "?"]
[Date "2013.12.29"]
[Round "5"]
[White "Schumann, Martin"]
[Black "Z'Berg , Jean-Pierre"]
[Result "0-1"]
[WhiteElo "1893"]
[BlackElo "2047"]
[PlyCount "156"]
[SourceDate "2013.12.26"]

1. e4 d5 2. exd5 Qxd5 3. Nc3 Qa5 4. d4 c6 5. Nf3 Nf6 6. Be2 Bf5 7. O-O Nbd7 8.
Bf4 e6 9. a3 Be7 10. Re1 O-O 11. Ne5 Nxe5 12. dxe5 Ne4 13. Nxe4 Bxe4 14. b4 Qc7
15. c4 Rfd8 16. Qb3 a6 17. Qe3 Bg6 18. c5 Rd7 19. Rad1 Rad8 20. Kf1 Rd5 21. Bf3
Rd3 22. Rxd3 Rxd3 23. Qc1 Qd7 24. Rd1 Bd8 25. Be2 Rxd1+ 26. Qxd1 Qxd1+ 27. Bxd1
Bd3+ 28. Ke1 g5 29. Bg3 Kg7 30. Kd2 Be4 31. f3 Bd5 32. Be2 h5 33. Ke3 Be7 34.
Kd4 Kg6 35. Bd3+ Kg7 36. h3 Bd8 37. Bh2 g4 38. hxg4 hxg4 39. Bf4 gxf3 40. gxf3
Bxf3 41. Ke3 Bh5 42. Be4 Bg6 43. Bf3 Bc2 44. Kd2 Bb3 45. Be4 Bh4 46. Kc3 Bd5
47. Bc2 Bf2 48. Kd3 Bg1 49. Kc3 Bf2 50. Kd3 a5 51. Bd2 Bg1 52. Bf4 axb4 53.
axb4 Kg6 54. Kc3+ Kh5 55. Bd1+ Kh4 56. Be2 Bf2 57. Kd3 Be1 58. Bd2 Bg3 59. Kd4
Bg2 60. b5 Bf2+ 61. Be3 Bxe3+ 62. Kxe3 cxb5 63. Bxb5 Bc6 64. Be2 Kg5 65. Bd3 f6
66. exf6 Kxf6 67. Kd4 e5+ 68. Ke3 Bh1 69. Be2 Bd5 70. Bg4 Ke7 71. Bf5 Kd8 72.
Kd3 Kc7 73. Kc3 Kc6 74. Kb4 Bg2 75. Kc4 Bf1+ 76. Kb4 Kd5 77. Bc8 Ba6 78. Bh3 e4
0-1

[Event "Weihnachtsopen 2013 M"]
[Site "?"]
[Date "2013.12.29"]
[Round "6"]
[White "Klauser, Markus"]
[Black "Alekseev, Evgeny"]
[Result "0-1"]
[WhiteElo "2386"]
[BlackElo "2669"]
[PlyCount "76"]
[SourceDate "2013.12.26"]

1. e4 c6 2. d4 d5 3. e5 c5 4. Nf3 Bg4 5. dxc5 Nc6 6. c3 e6 7. b4 Bxf3 8. Qxf3
Nxe5 9. Bb5+ Nc6 10. O-O Be7 11. Bf4 Bf6 12. Nd2 Nge7 13. Bd6 Nf5 14. Nc4 Nh4
15. Qh3 dxc4 16. Rad1 Nf5 17. Qf3 Qc8 18. Qe4 Bxc3 19. Qxc4 Bf6 20. Qe4 Nxd6
21. Rxd6 O-O 22. Bxc6 bxc6 23. Rxc6 Qd7 24. a4 Rac8 25. Ra6 Rc7 26. c6 Qd4 27.
Qxd4 Bxd4 28. b5 e5 29. a5 f6 30. Rb1 Rb8 31. Kf1 Kf7 32. Ke2 Ke6 33. f3 Kd5
34. Kd3 Kc5 35. Rxa7 Rxa7 36. b6 Kxc6 37. Rc1+ Kd6 38. bxa7 Bxa7 0-1

[Event "Weihnachtsopen 2013 M"]
[Site "?"]
[Date "2013.12.29"]
[Round "6"]
[White "Doluhanova, Evgeniya"]
[Black "Bogner, Sebastian"]
[Result "0-1"]
[WhiteElo "2350"]
[BlackElo "2558"]
[PlyCount "100"]
[SourceDate "2013.12.26"]

1. e4 c5 2. Nf3 d6 3. d4 cxd4 4. Nxd4 Nf6 5. Nc3 a6 6. Be3 e6 7. a4 b6 8. g3
Bb7 9. Bg2 Nbd7 10. O-O Nc5 11. f3 Be7 12. Qe2 O-O 13. Rad1 Qc7 14. g4 g6 15.
g5 Nh5 16. f4 e5 17. Nf5 Nxf4 18. Nh6+ Kg7 19. Bxf4 exf4 20. h4 f6 21. Qg4 fxg5
22. hxg5 Qc8 23. Nd5 Qxg4 24. Nxg4 Bxg5 25. b4 h5 26. Nh2 Nxa4 27. Nc7 Be7 28.
Nxa8 Bxa8 29. Ra1 b5 30. Nf3 g5 31. Nd4 Kf6 32. c4 Kg6 33. cxb5 axb5 34. Nxb5
Nb6 35. Ra7 Bf6 36. Rd1 Nc4 37. e5 Bxg2 38. exf6 Rxf6 39. Rd4 f3 40. Ra2 d5 41.
Nc7 Ne3 42. Rd3 d4 43. Rxd4 g4 44. Ne8 Rf8 45. Nd6 g3 46. Ne4 h4 47. Ra6+ Kh5
48. Ra5+ Rf5 49. Rd2 Kg4 50. Ra8 f2+ 0-1

[Event "Weihnachtsopen 2013 M"]
[Site "?"]
[Date "2013.12.29"]
[Round "6"]
[White "Sebenik, Matej"]
[Black "Turci, Stefano"]
[Result "1-0"]
[WhiteElo "2496"]
[BlackElo "2219"]
[PlyCount "113"]
[SourceDate "2013.12.26"]

1. d4 d5 2. c4 c6 3. Nf3 Nf6 4. e3 g6 5. Nc3 Bg7 6. Be2 O-O 7. O-O Nbd7 8. cxd5
cxd5 9. Qb3 e6 10. a4 Nb8 11. Ne5 Nc6 12. Nxc6 bxc6 13. Qc2 Nd7 14. b4 e5 15.
Rd1 exd4 16. exd4 Nf6 17. Bf4 Be6 18. Be5 Nd7 19. Bxg7 Kxg7 20. a5 Nf6 21. Rac1
Qd6 22. Na2 Bd7 23. f3 Rfe8 24. Bf1 Re3 25. Qd2 Re7 26. Re1 Rae8 27. Rxe7 Qxe7
28. Kf2 Qd6 29. g3 h5 30. Re1 h4 $11 31. Rxe8 hxg3+ 32. hxg3 Bxe8 33. Qe3 Bd7
34. Qe5 Qxe5 35. dxe5 Ne8 36. Nc1 Nc7 37. Nb3 Kf8 38. Nd4 Ke7 39. f4 Kd8 40.
Bd3 Ke7 41. Kf3 Kd8 42. g4 Ke7 43. f5 gxf5 44. gxf5 f6 45. Kf4 Be8 46. Be2 Bd7
47. e6 Be8 48. Nb3 Kd6 49. Nc5 Na8 50. Na6 Nb6 51. axb6 axb6 52. Ke3 c5 53. b5
Ke5 54. Nc7 d4+ 55. Kd2 Kxf5 56. Nxe8 Kxe6 57. Bc4+ 1-0

[Event "Weihnachtsopen 2013 M"]
[Site "?"]
[Date "2013.12.29"]
[Round "6"]
[White "Huss, Andreas"]
[Black "Kelecevic, Nedeljko"]
[Result "1-0"]
[WhiteElo "2376"]
[BlackElo "2232"]
[PlyCount "87"]
[SourceDate "2013.12.26"]

1. d4 e6 2. c4 Nf6 3. Nf3 d5 4. cxd5 exd5 5. Nc3 c6 6. Qc2 Be7 7. Bg5 Nbd7 8.
e3 O-O 9. Bd3 Re8 10. O-O Nf8 11. Bxf6 Bxf6 12. b4 Bg4 13. Nd2 Rc8 14. Qb3 a6
15. Na4 Rc7 16. Nc5 Nd7 17. a4 Nxc5 18. bxc5 Bc8 19. Qc2 g6 20. Rab1 Bg7 21.
Rb6 f5 22. g3 Rf7 23. Nf3 g5 24. h4 h6 25. hxg5 hxg5 26. Kg2 g4 27. Nh4 Qg5 28.
Rh1 Rf6 29. f4 gxf3+ 30. Nxf3 Qg6 31. Ne5 Qg5 32. Qf2 Bh6 33. Qf4 Qg7 34. Qf3
f4 35. exf4 Bxf4 36. Bh7+ Kf8 37. Ng6+ Rxg6 38. Bxg6 Qxg6 39. Qxf4+ Kg8 40. Rb2
Bf5 41. Rh6 Qg7 42. Rf2 Rf8 43. Kh2 Rf7 44. Rh5 1-0

[Event "Weihnachtsopen 2013 M"]
[Site "?"]
[Date "2013.12.29"]
[Round "6"]
[White "Bartel, Marta"]
[Black "Zude, Erik"]
[Result "1-0"]
[WhiteElo "2306"]
[BlackElo "2363"]
[PlyCount "93"]
[SourceDate "2013.12.26"]

1. d4 d6 2. Nf3 Nf6 3. c4 g6 4. Nc3 Bg7 5. Bg5 h6 6. Bh4 O-O 7. e3 c5 8. Be2
Qb6 9. Qd2 cxd4 10. Nxd4 g5 11. Bg3 a6 12. O-O e5 13. Nb3 Rd8 14. Rfd1 Nc6 15.
Rac1 Be6 16. Bf3 Rac8 17. Bd5 Bf5 18. f3 Ne7 19. Bf2 Qc7 20. e4 Bd7 21. Qe3 Bc6
22. Qb6 Qb8 23. Qa7 Qxa7 24. Bxa7 Bxd5 25. cxd5 Nd7 26. Be3 f5 27. Na5 Rc7 28.
Ne2 Rdc8 29. Rxc7 Rxc7 30. Rc1 Rxc1+ 31. Bxc1 fxe4 32. fxe4 Nc5 33. Ng3 b5 34.
Be3 Nd3 35. b3 Kf7 36. a3 Ke8 37. Kf1 Ng6 38. Nf5 Bf8 39. g3 g4 40. Bxh6 Nc5
41. Bxf8 Kxf8 42. Nxd6 Ke7 43. Nf5+ Kf6 44. Ne3 Kg5 45. b4 Nxe4 46. Nc6 Nd2+
47. Ke2 1-0

[Event "Weihnachtsopen 2013 A"]
[Site "?"]
[Date "2013.12.29"]
[Round "6"]
[White "Berset, Alan"]
[Black "Ferrari, Matteo"]
[Result "1-0"]
[WhiteElo "2035"]
[BlackElo "1770"]
[PlyCount "85"]
[SourceDate "2013.12.26"]

1. d4 d5 2. c4 c6 3. Nf3 Nf6 4. Qc2 g6 5. g3 Bf5 6. Qb3 Qb6 7. c5 Qxb3 8. axb3
Na6 9. Bd2 Bxb1 10. Rxb1 Ne4 11. Bc3 Bg7 12. e3 Nc7 13. Nd2 f5 14. Bd3 Nxc3 15.
bxc3 e5 16. O-O O-O 17. f4 exd4 18. exd4 a6 19. Nf3 Nb5 20. Bxb5 axb5 21. Ra1
h6 22. h4 Bf6 23. Kf2 Kf7 24. Rfe1 h5 25. Ke3 Ra6 26. Rxa6 bxa6 27. Ra1 Ra8 28.
Ra5 Ke6 29. Ne5 Bxe5 30. fxe5 Kf7 31. Kf4 Ra7 32. Kg5 Kg7 33. b4 Ra8 34. Ra2
Ra7 35. e6 Re7 36. Re2 Re8 37. e7 Kf7 38. Re5 Kg7 39. Re6 Kf7 40. Rxg6 Rc8 41.
Kxf5 Rc7 42. Re6 Ke8 43. Rh6 1-0

[Event "Weihnachtsopen 2013 A"]
[Site "?"]
[Date "2014.12.29"]
[Round "6"]
[White "Wallmüller, Peter"]
[Black "Nuri, Karo"]
[Result "0-1"]
[WhiteElo "1949"]
[BlackElo "2018"]
[PlyCount "62"]
[SourceDate "2013.12.26"]

1. d4 Nf6 2. c4 e6 3. Nf3 c5 4. d5 exd5 5. cxd5 d6 6. Nc3 a6 7. a4 g6 8. Nd2
Nbd7 9. e4 Bg7 10. Be2 O-O 11. O-O Re8 12. f4 Rb8 13. Qc2 Qe7 14. a5 b5 15.
axb6 Nxb6 16. Bf3 Ng4 17. Bxg4 Bxg4 18. b3 f5 19. Bb2 fxe4 20. Ndxe4 Bf5 21.
Rae1 Bd4+ 22. Kh1 Qg7 23. Nd1 Bxb2 24. Nxb2 Qd4 25. Nc4 Nxc4 26. bxc4 Bxe4 27.
Qa4 Qd2 28. Rxe4 Rxe4 29. Qa1 Rb2 30. Rg1 Qf2 31. h3 Re3 0-1

[Event "Weihnachtsopen 2013 A"]
[Site "?"]
[Date "2013.12.29"]
[Round "6"]
[White "Rakazovic, Zeljko"]
[Black "Schweighoffer, Martin"]
[Result "0-1"]
[WhiteElo "1989"]
[BlackElo "1947"]
[PlyCount "58"]
[SourceDate "2013.12.26"]

1. e4 e5 2. Nf3 Nc6 3. Bc4 Bc5 4. c3 Nf6 5. d3 O-O 6. Bg5 h6 7. Be3 Bb6 8. Nbd2
d5 9. exd5 Nxd5 10. Bxb6 axb6 11. g3 Re8 12. O-O Bh3 13. Re1 Qd7 14. Nf1 Rad8
15. Bb5 Bg4 16. Rxe5 Rxe5 17. Nxe5 Nxe5 18. Bxd7 Bxd1 19. Bf5 Be2 20. d4 Nc4
21. b3 Nd6 22. Bh3 Bxf1 23. Kxf1 Nxc3 24. Rc1 Nd5 25. Bg2 Ne8 26. Ke2 c6 27.
Kd2 Nef6 28. Re1 Kf8 29. Kc2 Nc7 0-1

[Event "Weihnachtsopen 2013 A"]
[Site "?"]
[Date "2013.12.29"]
[Round "6"]
[White "Z'Berg, Jean-Pierre"]
[Black "Goldie, Thomas"]
[Result "0-1"]
[WhiteElo "2032"]
[BlackElo "1863"]
[PlyCount "64"]
[SourceDate "2013.12.26"]

1. d4 Nf6 2. Bg5 Ne4 3. Bf4 d6 4. Nd2 Bf5 5. f3 Nxd2 6. Qxd2 g6 7. e4 Be6 8. c3
Bg7 9. Bd3 c5 10. d5 Bd7 11. a4 Qa5 12. Ne2 b5 13. O-O bxa4 14. Ra2 O-O 15.
Rfa1 Qc7 16. Bc2 Bb5 17. Bxa4 Bxa4 18. Rxa4 Nd7 19. R1a2 Rfb8 20. Nc1 a5 21.
Qe2 Nb6 22. R4a3 a4 23. h3 Qb7 24. Ra1 Qa6 25. Qxa6 Rxa6 26. Nd3 Rba8 27. Bc1
Nc4 28. R3a2 a3 29. b3 Nb2 30. Ne1 Bxc3 31. Kf1 Nd1 32. Rb1 Bxe1 0-1

[Event "Weihnachtsopen 2013 A"]
[Site "?"]
[Date "2013.12.29"]
[Round "6"]
[White "Bodmer, Marcel"]
[Black "Schönherr, Konrad"]
[Result "0-1"]
[WhiteElo "2018"]
[BlackElo "1861"]
[PlyCount "84"]
[SourceDate "2013.12.26"]

1. d4 Nf6 2. Bf4 d6 3. Nc3 g6 4. e4 Bg7 5. Qd2 O-O 6. O-O-O c6 7. Bh6 Qa5 8.
Bxg7 Kxg7 9. f4 b5 10. e5 Ne8 11. a3 Na6 12. Nb1 Qxd2+ 13. Rxd2 Rb8 14. c3 c5
15. Nf3 Nac7 16. b4 c4 17. g3 Nd5 18. Bg2 Ne3 19. Re1 Nxg2 20. Rxg2 Bb7 21. Rf2
Nc7 22. Nh4 Nd5 23. Rfe2 Bc6 24. Ng2 a5 25. Ne3 Nc7 26. Nc2 Bf3 27. Rf2 Bg4 28.
Ne3 h5 29. f5 dxe5 30. Nxg4 hxg4 31. Rxe5 e6 32. f6+ Kg8 33. Rg5 axb4 34. axb4
Ra8 35. Rxg4 Ra1 36. h4 Nd5 37. Rf3 Rfa8 38. h5 R8a3 39. hxg6 Rb3 40. gxf7+
Kxf7 41. Rg7+ Kf8 42. Rb7 Raxb1+ 0-1

[Event "Weihnachtsopen 2013 A"]
[Site "?"]
[Date "2013.12.29"]
[Round "6"]
[White "Fleischer, Eugen"]
[Black "Olimpiev, Alexey"]
[Result "0-1"]
[WhiteElo "1912"]
[BlackElo "2042"]
[PlyCount "92"]
[SourceDate "2013.12.26"]

1. c4 Nf6 2. Nc3 g6 3. g3 Bg7 4. Bg2 O-O 5. d3 d6 6. Rb1 a5 7. a3 Nfd7 8. Nf3
Na6 9. Bd2 c6 10. O-O e5 11. b4 axb4 12. axb4 Nc7 13. Qb3 Ne6 14. e4 g5 15. Be3
Bf6 16. Ra1 Rxa1 17. Rxa1 g4 18. Ne1 Bg5 19. Nd1 h5 20. Qb2 Qf6 21. Nc2 Kg7 22.
d4 Rh8 23. d5 Nef8 24. Bxg5 Qxg5 25. Nde3 Nf6 26. dxc6 bxc6 27. Rd1 Ne8 28. c5
Qf6 29. Nc4 dxc5 30. bxc5 Ne6 31. Nd6 Nxd6 32. Rxd6 Rd8 33. Ne3 Rxd6 34. cxd6
Nd4 35. Qb8 Bd7 36. Qc7 Qe6 37. Nf5+ Nxf5 38. exf5 Qe8 39. Be4 Kf6 40. Qb6 Qc8
41. Qe3 Bxf5 42. Bxf5 Kxf5 43. Qa7 Qe6 44. Qc5 Qd7 45. h3 Ke6 46. hxg4 hxg4 0-1

[Event "Weihnachtsopen 2013 A"]
[Site "?"]
[Date "2013.12.29"]
[Round "6"]
[White "Keller, Philipp"]
[Black "Bänziger, Fabian"]
[Result "0-1"]
[WhiteElo "1830"]
[BlackElo "1945"]
[PlyCount "108"]
[SourceDate "2013.12.26"]

1. e4 c5 2. Nc3 Nc6 3. f4 g6 4. Nf3 Bg7 5. g3 e6 6. Bg2 Nge7 7. O-O O-O 8. d3
d6 9. Bd2 Rb8 10. Rb1 b5 11. Ne2 b4 12. c3 Ba6 13. c4 Qc7 14. b3 f5 15. Ng5 Bc8
16. Bc1 h6 17. Nf3 e5 18. Nd2 Be6 19. Bb2 Rbd8 20. Qc2 a5 21. Rbe1 Rf7 22. exf5
gxf5 23. Kh1 Ng6 24. Kg1 h5 25. fxe5 dxe5 26. Nf4 Nxf4 27. gxf4 Nd4 28. Bxd4
Rxd4 29. fxe5 Rg4 30. Nf3 Bh6 31. Kh1 Rfg7 32. Rg1 f4 33. d4 cxd4 34. Nxd4 Bc8
35. e6 Bb7 36. Nf3 Rxg2 37. Rxg2 Bxf3 38. Reg1 Qc6 39. e7 Bxg2+ 40. Rxg2 Rxg2
41. e8=Q+ Qxe8 42. Qxg2+ Bg7 43. Qd5+ Kh8 44. c5 Qe2 45. h4 Qf1+ 46. Kh2 Qf2+
47. Kh1 Qxh4+ 48. Kg1 Qe1+ 49. Kh2 Qe2+ 50. Kh1 Qe1+ 51. Kh2 Qh4+ 52. Kg1 f3
53. c6 Qg3+ 54. Kf1 Qg2+ 0-1

[Event "Weihnachtsopen 2013 A"]
[Site "?"]
[Date "2013.12.29"]
[Round "6"]
[White "Bozicevic, Falko"]
[Black "Georgieva, Emilia"]
[Result "1-0"]
[WhiteElo "1867"]
[BlackElo "1928"]
[PlyCount "89"]
[SourceDate "2013.12.26"]

1. f4 d5 2. Nf3 c6 3. b3 Nf6 4. Bb2 Bg4 5. e3 e6 6. Be2 Bxf3 7. Bxf3 Nbd7 8.
O-O Bd6 9. d4 Qc7 10. c4 b6 11. Nd2 Rc8 12. Rc1 Qb8 13. Qe2 O-O 14. g4 Kh8 15.
Qg2 b5 16. c5 Be7 17. Be2 g6 18. Bd3 Rg8 19. Nf3 Rcf8 20. Ng5 Rg7 21. Qh3 Ng8
22. Nf3 f6 23. Kh1 Qe8 24. Qg3 Rff7 25. a4 a6 26. axb5 axb5 27. Ra1 Nf8 28. Ra6
Bd8 29. Rfa1 Rc7 30. Ra8 Rgd7 31. R1a6 Rf7 32. Bc3 Qd7 33. Ba5 Rc8 34. Qe1 Bxa5
35. Qxa5 Rc7 36. Qb6 e5 37. dxe5 Qxg4 38. Be2 fxe5 39. Rxf8 e4 40. Nd4 Qh3 41.
Qb8 Kg7 42. Rxg8+ Kh6 43. Qd8 Rce7 44. Ra7 Rxf4 45. exf4 1-0

[Event "Weihnachtsopen 2013 M"]
[Site "?"]
[Date "2013.12.30"]
[Round "7"]
[White "Alekseev, Evgeny"]
[Black "Kovalenko, Igor"]
[Result "1/2-1/2"]
[WhiteElo "2698"]
[BlackElo "2643"]
[PlyCount "85"]
[EventDate "2013.12.26"]
[SourceDate "2013.12.26"]

1. e4 c6 2. d4 d5 3. e5 Bf5 4. c3 e6 5. Be3 Nd7 6. Nd2 f6 7. f4 Nh6 8. Ngf3 Ng4
9. Bg1 fxe5 10. fxe5 Be7 11. g3 O-O 12. h3 Nh6 13. Be3 Nf7 14. g4 Bg6 15. h4 c5
16. g5 Bf5 17. Bh3 Bxh3 18. Rxh3 cxd4 19. cxd4 Rc8 20. Qb3 Qa5 21. Ke2 Nd8 22.
Rhh1 Nc6 23. a3 Qa6+ 24. Qd3 Qxd3+ 25. Kxd3 Nb6 26. Rhc1 (26. Rac1 Na5 27. Rxc8
Rxc8 28. b3 Rf8 29. Ng1 Kf7 30. Nh3 Ke8 31. Nf4 Kd7 32. g6 hxg6 33. Nxg6 Rf5
34. Nxe7 Kxe7 35. Rg1 Rf7 36. Ke2 Kd7 37. Rc1 Nc6 38. Nf3 Nc8 39. Ng5 Rf8 40.
Rg1 N8e7 41. Nh7 Rf7 42. Ng5 Rf8 43. Nh7) 26... Na5 27. Rxc8 Rxc8 28. b3 Rf8
29. Ng1 Kf7 30. Nh3 Ke8 31. Nf4 Kd7 32. g6 hxg6 33. Nxg6 Rf5 34. Nxe7 Kxe7 35.
Rg1 Rf7 36. Ke2 Kd7 37. Rc1 Nc6 38. Nf3 Nc8 39. Ng5 Rf8 40. Rg1 N8e7 41. Nh7
Rf7 42. Ng5 Rf8 43. Nh7 1/2-1/2

[Event "Weihnachtsopen 2013 A"]
[Site "?"]
[Date "2013.12.30"]
[Round "7"]
[White "Schweighoffer, Martin"]
[Black "Taras, Marian"]
[Result "1-0"]
[WhiteElo "1989"]
[BlackElo "2039"]
[PlyCount "97"]
[SourceDate "2013.12.26"]

1. e4 e6 2. d4 d5 3. Nd2 b6 4. Bb5+ c6 5. Ba4 Ba6 6. e5 Ne7 7. Ndf3 Nd7 8. Bg5
f6 9. exf6 gxf6 10. Nh4 h5 11. Bf4 b5 12. Bb3 Qa5+ 13. c3 O-O-O 14. Ne2 e5 15.
dxe5 fxe5 16. Bg3 b4 17. O-O bxc3 18. bxc3 Bg7 19. Rc1 Nc5 20. Re1 Nd3 21. Nd4
Rd7 22. Rb1 Qxc3 23. Nhf3 Nxe1 24. Nxe5 Nd3 25. Ndxc6 Nxc6 26. Nxd7 Kxd7 27.
Qf3 Qd4 28. Qf5+ Ke7 29. Bxd5 Qf6 30. Bh4 Nd4 31. Bxf6+ Bxf6 32. Qe4+ Kd7 33.
Bf7 Rc8 34. h3 Rc2 35. Qe8+ Kd6 36. Qb8+ Kc6 37. Be8+ Kd5 38. Qa8+ Ke6 39. Qe4+
Kd6 40. Qa8 Rxf2 41. Qb8+ Ke6 42. Qxa7 Ne2+ 43. Kh1 Ng3+ 44. Kh2 Be5 45. Qxa6+
Bd6 46. Qc4+ Ke7 47. Rb7+ Kf8 48. Rf7+ Kxe8 49. Qe6+ 1-0

[Event "Weihnachtsopen 2013 A"]
[Site "?"]
[Date "2013.12.30"]
[Round "7"]
[White "Nuri, Karo"]
[Black "Berset, Alan"]
[Result "1/2-1/2"]
[WhiteElo "2018"]
[BlackElo "2035"]
[PlyCount "106"]
[SourceDate "2013.12.26"]

1. Nf3 d5 2. c4 Nf6 3. g3 c6 4. b3 Bf5 5. Bg2 Nbd7 6. cxd5 cxd5 7. Bb2 e6 8.
O-O Bb4 9. a3 Ba5 10. d3 O-O 11. Nbd2 Rc8 12. Rc1 Qe7 13. b4 Bc7 14. e4 dxe4
15. dxe4 Bg4 16. Qa4 a6 17. b5 Nc5 18. Qb4 Bd8 19. e5 Nd3 20. Qxe7 Bxe7 21.
Rxc8 Rxc8 22. exf6 gxf6 23. Bd4 e5 24. Be3 axb5 25. Rb1 Bd7 26. Bf1 Rc3 27. Rb3
Rxb3 28. Nxb3 Nb2 29. Bc5 Bd8 30. Nfd2 f5 31. Bd6 f6 32. Nc5 Bc6 33. Bh3 Ba5
34. Ncb3 Bxd2 35. Nxd2 Bd7 36. Ne4 Kf7 37. Bb4 Kg6 38. Nd6 b6 39. Bf1 f4 40.
gxf4 exf4 41. Bxb5 Be6 42. Be8+ Kg5 43. Bc6 f5 44. Bf3 Nd3 45. Nb5 Ne5 46. Kg2
Nxf3 47. Kxf3 Bd5+ 48. Ke2 Bc4+ 49. Kf3 Bxb5 50. Be7+ Kg6 51. Bd8 Bc6+ 52. Kxf4
b5 53. h4 Be4 1/2-1/2

[Event "Weihnachtsopen 2013 A"]
[Site "?"]
[Date "2013.12.30"]
[Round "7"]
[White "Petr, Glenn"]
[Black "Schönherr, Konrad"]
[Result "1-0"]
[WhiteElo "1951"]
[BlackElo "1861"]
[PlyCount "63"]
[SourceDate "2013.12.26"]

1. e4 d5 2. exd5 Qxd5 3. Nf3 Nf6 4. Nc3 Qa5 5. d4 c6 6. Be2 Bf5 7. O-O e6 8. a3
Bd6 9. Bg5 Nbd7 10. Qd2 Qc7 11. Rfe1 O-O-O 12. b4 h6 13. Bh4 e5 14. Bg3 e4 15.
Nh4 Bxg3 16. fxg3 Bh7 17. Rf1 Ne5 18. h3 Qb6 19. Rad1 Nd3 20. cxd3 Qxd4+ 21.
Kh2 Qe5 22. d4 Qe6 23. Qf4 Qb3 24. Bg4+ Nxg4+ 25. Qxg4+ f5 26. Nxf5 Qxc3 27.
Nd6+ Kb8 28. Nf7 g5 29. Nxh8 Rxh8 30. Qd7 Qxa3 31. Qd6+ Kc8 32. Rf7 1-0

[Event "Weihnachtsopen 2013 A"]
[Site "?"]
[Date "2013.12.30"]
[Round "7"]
[White "Wahl, Peter"]
[Black "Gretz, Denis"]
[Result "0-1"]
[WhiteElo "1821"]
[BlackElo "1929"]
[PlyCount "112"]
[SourceDate "2013.12.26"]

1. d4 d5 2. c4 e6 3. Nf3 c6 4. e3 Nf6 5. Nbd2 Nbd7 6. Bd3 Be7 7. O-O O-O 8. b3
b6 9. Bb2 Bb7 10. Rc1 Rc8 11. Qc2 c5 12. Qb1 Rc7 13. dxc5 dxc4 14. cxb6 Nxb6
15. Nxc4 Nxc4 16. Rxc4 Rxc4 17. Bxc4 Bxf3 18. gxf3 Qa5 19. f4 Qh5 20. f3 Rd8
21. Bd4 Bc5 22. Qe1 Bxd4 23. exd4 Rxd4 24. Qe5 Qxe5 25. fxe5 Nd7 26. Re1 Nb6
27. Rc1 g6 28. Be2 Rd2 29. Kf2 Rxa2 30. f4 Rb2 31. Rc3 Nd5 32. Rf3 Rc2 33. Ke1
Rb2 34. h4 h5 35. Bc4 Nb4 36. Rf2 Nc2+ 37. Ke2 Nd4+ 38. Kf1 Rb1+ 39. Kg2 Nxb3
40. Bxb3 Rxb3 41. Ra2 Rb7 42. Ra6 Kf8 43. Kf3 Ke7 44. Ke4 Rd7 45. Ke3 Kd8 46.
Rc6 Rc7 47. Rd6+ Kc8 48. f5 exf5 49. Kf4 Re7 50. Rd5 Kb7 51. Kg5 Kc6 52. Ra5
Kb6 53. Rd5 Re6 54. Kf4 f6 55. exf6 Rxf6 56. Kg5 Rc6 0-1

[Event "Weihnachtsopen 2013 A"]
[Site "?"]
[Date "2013.12.30"]
[Round "7"]
[White "Ferrari, Matteo"]
[Black "Raymond, Peter"]
[Result "1-0"]
[WhiteElo "1770"]
[BlackElo "1909"]
[PlyCount "65"]
[SourceDate "2013.12.26"]

1. e4 Nf6 2. Nc3 e5 3. Bc4 Bb4 4. d3 Bxc3+ 5. bxc3 h6 6. f4 Nc6 7. Nf3 Qe7 8.
a4 d6 9. O-O O-O 10. fxe5 Nxe5 11. Nxe5 Qxe5 12. d4 Qh5 13. Qxh5 Nxh5 14. e5
dxe5 15. Ba3 Be6 16. Bxe6 fxe6 17. Bxf8 Rxf8 18. Rxf8+ Kxf8 19. dxe5 Ke7 20.
Rf1 g6 21. g4 Ng7 22. Rf6 h5 23. Rxg6 Kf7 24. gxh5 Nxh5 25. Rh6 Ng7 26. Kg2 a6
27. c4 b6 28. Kf3 c5 29. Rh7 Kg8 30. Rxg7+ Kxg7 31. Kg4 a5 32. Kg5 b5 33. cxb5
1-0

[Event "Weihnachtsopen 2013 A"]
[Site "?"]
[Date "2013.12.30"]
[Round "7"]
[White "Fürst, Martin"]
[Black "Leuenberger, Urs"]
[Result "0-1"]
[WhiteElo "1951"]
[BlackElo "1907"]
[PlyCount "86"]
[SourceDate "2013.12.26"]

1. e4 c5 2. Nf3 Nc6 3. d4 cxd4 4. Nxd4 Nf6 5. Nc3 e5 6. Ndb5 d6 7. Bd3 a6 8.
Na3 b5 9. Nd5 Nxd5 10. exd5 Ne7 11. c4 bxc4 12. Bxc4 g6 13. O-O Bg7 14. Be3 O-O
15. Qd2 Nf5 16. Nc2 Nxe3 17. Qxe3 f5 18. Qd2 g5 19. Nb4 g4 20. Nc6 Qh4 21. g3
Qh3 22. f4 e4 23. Rfe1 Qh6 24. Nd4 Qf6 25. Rad1 Qxd4+ 26. Qxd4 Bxd4+ 27. Rxd4
Bd7 28. Re3 Rfb8 29. Rb3 Rxb3 30. Bxb3 Kf8 31. Kf2 Ke8 32. Ba4 Rc8 33. Bb3 Bb5
34. Rd2 Rc1 35. Ke3 Kd8 36. a3 Bd3 37. Ba4 Kc7 38. Bc6 Kb6 39. Be8 Kc5 40. Bf7
Rf1 41. Rg2 Rf3+ 42. Kd2 Kd4 43. Be6 e3+ 0-1

[Event "Weihnachtsopen 2013 A"]
[Site "?"]
[Date "2013.12.30"]
[Round "7"]
[White "Neumann, Horst"]
[Black "Scheidegger, Andreas"]
[Result "0-1"]
[WhiteElo "1918"]
[BlackElo "1907"]
[PlyCount "64"]
[SourceDate "2013.12.26"]

1. d4 d5 2. Nf3 Nc6 3. Bg5 Nf6 4. e3 Bf5 5. Bd3 Bg6 6. Bb5 a6 7. Bxc6+ bxc6 8.
Ne5 e6 9. c3 Bd6 10. Nxc6 Qd7 11. Bxf6 gxf6 12. Na5 Qb5 13. b4 c5 14. Na3 Qb6
15. Qa4+ Kf8 16. dxc5 Bxc5 17. bxc5 Qc7 18. O-O h5 19. c6 Kg7 20. h4 Rhg8 21.
c4 Kh7 22. cxd5 Bd3 23. Rfd1 Rg4 24. Qb3 Be4 25. Qb7 Rxg2+ 26. Kf1 Qxa5 27.
Qxf7+ Rg7 28. Qxh5+ Kg8 29. Nc4 Qb5 30. Rac1 Bxd5 31. Qe2 Bxc6 32. Nd2 Rg1+ 0-1

[Event "Weihnachtsopen 2013 A"]
[Site "?"]
[Date "2013.12.30"]
[Round "7"]
[White "Gosch, Manfred"]
[Black "Pfleger, Alfred"]
[Result "1-0"]
[WhiteElo "2025"]
[BlackElo "1921"]
[PlyCount "149"]
[SourceDate "2013.12.26"]

1. e4 c5 2. f4 Nc6 3. Nc3 d6 4. Nf3 Nf6 5. Bb5 e6 6. e5 Nd5 7. O-O Nxc3 8. dxc3
d5 9. Qe1 a6 10. Bd3 c4 11. Be2 Bc5+ 12. Kh1 O-O 13. Qg3 f5 14. Bd2 b5 15. Qh3
h6 16. Rad1 Bb7 17. Bc1 Qb6 18. Qg3 a5 19. Nh4 Ne7 20. Ng6 Nxg6 21. Qxg6 Qc6
22. Qh5 Qe8 23. Qh3 Qf7 24. Rf3 Bc6 25. Rg3 Kh7 26. Qh5 Be8 27. Qf3 Bc6 28. Qf1
Rfd8 29. Bf3 g6 30. Rh3 Qb7 31. Qe1 Qe7 32. Qe2 Bb7 33. Bd2 Kg7 34. Be1 Qc7 35.
Bh4 Be7 36. Bf6+ Bxf6 37. exf6+ Kxf6 38. Rxh6 Rh8 39. Rxh8 Rxh8 40. Qe3 Kf7 41.
Qd4 Rh7 42. Re1 g5 43. Qe3 Bc8 44. g3 gxf4 45. gxf4 Rh4 46. Bxd5 Kf8 47. Qd4
Qxf4 48. Qxf4 Rxf4 49. Bxe6 Bb7+ 50. Kg1 Be4 51. Re2 Rg4+ 52. Kf2 Rg2+ 53. Ke3
Rxe2+ 54. Kxe2 Bxc2 55. Ke3 Ke7 56. Bc8 b4 57. a3 bxa3 58. bxa3 Kf6 59. Kf4 Kg6
60. h4 Bd3 61. h5+ Kxh5 62. Bxf5 Bf1 63. Be6 Kg6 64. Ke5 Be2 65. Kd4 Kf6 66.
Bxc4 Bd1 67. Kc5 Ke5 68. Kb5 a4 69. Kb4 Kd6 70. Bb5 Kd5 71. Bxa4 Bxa4 72. Kxa4
Kc4 73. Ka5 Kc5 74. a4 Kc6 75. Kb4 1-0